Estatísticas para República Democrática do Congo

Clique aqui para jogar o quiz

Estatísticas Gerais

  • Esse quiz foi jogado 6 vezes
  • A pontuação média é 3 de 11

Estatísticas das Respostas

HintResposta% Correto
Onde fica?África
100%
Qual é o seu idioma?Francês
60%
De que país é independente?Bélgica
40%
Que rio atravessa o país?Congo
20%
Qual é a sua religião?Cristianismo
20%
Qual é a sua moeda?Franco congolês
20%
Qual é a sua capital?Quinxassa
20%
Qual é o seu desporto típico?Catch Fétiche
0%
Qual é o seu código ISO?COD
0%
Qual é o seu ponto mais alto?Monte Stanley
0%
Qual é o seu estilo de música?Soukous
0%

Distribuição das Pontuações

Percentil de Números Respondidos

Porcentagem de Pessoas com Cada Pontuação

Sua Pontuação Histórica

Você não jogou esse quiz